000 00691nam a2200229 a 4500
003 DO-SdBNP
005 20220525075313.0
007 ta
008 220524e1992 sp a|||fr|||| 001 0 spa d
020 _a8432971332
040 _aDO-SdBNP
_bspa
_cBNPHU
082 4 _222
_bR844p
245 1 0 _aPerspectiva. /
_cHenk Rotgans, Traductor, Ruimtelijk Tekenen
260 _aBarcelona, España :
_bCEAC, S: A:
_c1992,
300 _a130 p. :
_bil. ;
_c24 cm.
546 _aEditado en lengua holandesa por Cantecleer BV 1983
590 _aInventariado 2022 / MF
650 4 _92499
_aDibujo en Perspectiva
_xEnseñanza
700 1 _aTekenen, Ruimtelijk
_981668
910 _aMFeliz
942 _2ddc
_cLBS1
999 _c51799
_d51799